Le ceneri di Pasolini /

Saved in:
Bibliografiske detaljer
Hovedforfatter: Cimatti, Pietro (Author)
Format: Bog
Sprog:italiensk
Udgivet: Roma : Magma, c1975
Serier:Themetum
Tags: Tilføj Tag
Ingen Tags, Vær først til at tagge denne postø!

MARC

LEADER 00000nam a22000007i 4500
001 IT\ICCU\UBO\3150114
003 ItRI
005 20260115232337.0
008 070221s1975 it |||||| ||||| |||||c
040 |b ita  |c importazione bologna sebina 
041 7 |a ita  |2 ISO-639-2 
100 1 |a Cimatti, Pietro  |0 IT\ICCU\CFIV\095771  |4 aut 
245 1 3 |a Le ceneri di Pasolini /  |c Pietro Cimatti. 
260 |a Roma :  |b Magma,  |c c1975 
300 |a v. :  |b ill. ;  |c 21 cm. 
830 0 |a Themetum  |0 IT\ICCU\SBL\0241566 
942 |2 ddc  |c BK  |n 0 
952 |0 0  |1 0  |4 0  |6 DOC_851_914000000000000_CIM  |7 0  |9 24507  |a BO  |b BO  |d 2026-01-15  |i 390  |l 0  |o DOC 851.914 CIM  |p BO390  |r 2026-01-15 23:23:37  |w 2026-01-15  |x [Sebina 5] [1 v.]  |y BK  |z 1 v. 
999 |c 20857  |d 20857